000 00617nam a22002177a 4500
003 UA-OsUOA
001 82587
007 ta
008 20120314b un ||||| |||| 00| 0 ukr d
090 _a821.161.2
_bР88
942 _cBK
040 _aUA-OsUOA
_bukr
_cUA-OsUOA
_dUA-OsUOA
245 _aРусалка Дністрова
_bфотокопія з видання 1837 р.
_cМарунчак Г.
300 _a135 с.
955 _a3
041 _aukr
080 _a821.161.2
260 _aВінніпег
_c1987
650 7 _a82 Література. Літературознавство
_2UDC
999 _c368898
_d368898